[Event "Romanian-ch Open 2022"]
[Site "Eforie Nord"]
[Date "2022.02.25"]
[Round "7.19"]
[White "Magold, Filip"]
[Black "Mintau, Andrei-Catalin"]
[Result "1-0"]
[WhiteElo "2204"]
[BlackElo "2029"]
[Annotator "NA"]
[PlyCount "79"]
[EventDate "2022.02.20"]
[EventType "swiss"]
[EventCountry "ROU"]
[SourceTitle "playchess.com"]
[Source "ChessBase"]
[SourceQuality "1"]
[TimeControl "40/5400+30:900+30"]

1. e4 {[%emt 0:00:04]} c5 {[%emt 0:00:07]} 2. Nf3 {[%emt 0:00:05]} g6 {[%emt 0:00:06]} 3. d4 {[%emt 0:00:03]} Bg7 {[%emt 0:00:03]} 4. Nc3 {[%emt 0:00:08]} Qa5 {[%emt 0:00:13]} 5. a3 {[%emt 0:10:04]} Nf6 {[%emt 0:27:57]} 6. Bd3 {[%emt 0:03:15]} Nc6 {[%emt 0:10:34]} 7. d5 {[%emt 0:01:40]} Nd4 {[%emt 0:06:46]} 8. Nxd4 {[%emt 0:12:59]} cxd4 {[%emt 0:00:10]} 9. b4 {[%emt 0:00:02]} Qd8 {[%emt 0:00:40]} 10. Nb5 {[%emt 0:01:41]} a6 {[%emt 0:00:42]} 11. Nxd4 {[%emt 0:01:03]} Nxd5 {[%emt 0:00:09]} 12. Bb2 {[%emt 0:01:37]} Qb6 {[%emt 0:01:11]} 13. exd5 {[%emt 0:14:10]} Bxd4 {[%emt 0:00:06]} 14. Bxd4 {[%emt 0:00:05]} Qxd4 {[%emt 0:00:04]} 15. O-O {[%emt 0:05:11]} Qxd5 {[%emt 0:01:59]} 16. Re1 {[%emt 0:00:35]} e6 {[%emt 0:00:08]} 17. c4 {[%emt 0:00:34]} Qd4 {[%emt 0:01:05]} 18. c5 {[%emt 0:00:48]} a5 {[%emt 0:17:55]} 19. Rxe6+ {[%emt 0:00:50]} Kf8 {[%emt 0:03:39]} 20. Rd6 {[%emt 0:01:39]} Qc3 {[%emt 0:00:29]} 21. Rc1 {[%emt 0:00:56]} Qxa3 {[%emt 0:00:32]} 22. Bc4 {[%emt 0:02:01]} Qb2 {[%emt 0:07:20]} 23. Rc2 {[%emt 0:07:40]} Qe5 {[%emt 0:00:14]} 24. Re2 {[%emt 0:02:21]} Qc3 {[%emt 0:00:07]} 25. Rd3 {[%emt 0:06:26]} Qxc4 {[%emt 0:04:03]} 26. Qa1 {[%emt 0:00:08]} Rg8 {[%emt 0:00:10]} 27. Rde3 {[%emt 0:00:01]} Qe6 {[%emt 0:00:24]} 28. Rxe6 {[%emt 0:00:02]} fxe6 {[%emt 0:00:02]} 29. Qa4 {[%emt 0:01:05]} Ke7 {[%emt 0:00:47]} 30. b5 {[%emt 0:00:06]} g5 {[%emt 0:00:37]} 31. b6 {[%emt 0:00:16]} Rf8 {[%emt 0:00:24]} 32. g3 {[%emt 0:08:11]} Rf5 {[%emt 0:00:44]} 33. Rc2 {[%emt 0:00:22]} Kf7 {[%emt 0:01:28]} 34. f4 {[%emt 0:00:28]} g4 {[%emt 0:00:31]} 35. h3 {[%emt 0:00:34]} gxh3 {[%emt 0:00:31]} 36. g4 {[%emt 0:00:33]} Rd5 {[%emt 0:00:13]} 37. Kh2 {[%emt 0:00:49]} Kf8 {[%emt 0:02:25]} 38. Kxh3 {[%emt 0:00:13]} d6 {[%emt 0:00:13]} 39. cxd6 {[%emt 0:00:24]} Rxd6 {[%emt 0:00:09]} 40. Qa3 {[%emt 0:00:00]} 1-0

[Event "Romanian-ch Open 2022"]
[Site "Eforie Nord"]
[Date "2022.02.25"]
[Round "7.20"]
[White "Antal, Hunor-Zoltan"]
[Black "Radu, David Cr."]
[Result "1/2-1/2"]
[WhiteElo "2172"]
[BlackElo "1960"]
[Annotator "ChessBase"]
[PlyCount "76"]
[EventDate "2022.02.20"]
[EventType "swiss"]
[EventCountry "ROU"]
[SourceTitle "playchess.com"]
[Source "ChessBase"]
[SourceQuality "1"]
[TimeControl "40/5400+30:900+30"]

1. c4 {[%emt 0:00:09]} e6 {[%emt 0:01:03]} 2. Nc3 {[%emt 0:00:17]} d5 {[%emt 0:00:50]} 3. e3 {[%emt 0:07:47]} Nf6 {[%emt 0:05:28]} 4. Nf3 {[%emt 0:00:51]} c5 {[%emt 0:02:36]} 5. cxd5 {[%emt 0:01:33]} exd5 {[%emt 0:00:13]} 6. d4 {[%emt 0:00:16]} Nc6 {[%emt 0:02:06]} 7. Be2 {[%emt 0:02:23]} cxd4 {[%emt 0:06:45]} 8. Nxd4 {[%emt 0:00:16]} Bd6 {[%emt 0:00:07]} 9. Bf3 {[%emt 0:00:59]} a6 {[%emt 0:13:27]} 10. Nxc6 {[%emt 0:08:26]} bxc6 {[%emt 0:00:10]} 11. O-O {[%emt 0:00:13]} O-O {[%emt 0:10:20]} 12. b3 {[%emt 0:01:06]} Qe7 {[%emt 0:00:48]} 13. Bb2 {[%emt 0:06:53]} h5 {[%emt 0:02:20]} 14. Ne2 {[%emt 0:06:24]} Bg4 {[%emt 0:11:42]} 15. Ng3 {[%emt 0:06:28]} Bxf3 {[%emt 0:00:40]} 16. Qxf3 {[%emt 0:00:08]} Be5 {[%emt 0:00:04]} 17. Bxe5 {[%emt 0:15:32]} Qxe5 {[%emt 0:00:08]} 18. Rac1 {[%emt 0:00:05]} Rfc8 {[%emt 0:00:44]} 19. Rc2 {[%emt 0:02:31]} a5 {[%emt 0:04:37]} 20. Rfc1 {[%emt 0:01:41]} a4 {[%emt 0:02:11]} 21. b4 {[%emt 0:01:38]} a3 {[%emt 0:00:43]} 22. Qf5 {[%emt 0:00:27]} Qd6 {[%emt 0:05:41]} 23. Qg5 {[%emt 0:19:05]} Rab8 {[%emt 0:14:28]} 24. Nf5 {[%emt 0:04:42]} Qf8 {[%emt 0:00:10]} 25. Nd4 {[%emt 0:01:16]} c5 {[%emt 0:02:56]} 26. bxc5 {[%emt 0:04:14]} Rxc5 {[%emt 0:00:08]} 27. h3 {[%emt 0:01:09]} Rxc2 {[%emt 0:06:23]} 28. Rxc2 {[%emt 0:00:01]} Rb1+ {[%emt 0:03:42]} 29. Kh2 {[%emt 0:00:05]} Rb2 {[%emt 0:00:29]} 30. Rc6 {[%emt 0:06:55]} Rxf2 {[%emt 0:02:03]} 31. Nf5 {[%emt 0:01:37]} Qb8+ {[%emt 0:00:13]} 32. Nd6 {[%emt 0:00:35]} Qb2 {[%emt 0:01:38]} 33. Rc8+ {[%emt 0:00:29]} Kh7 {[%emt 0:00:11]} 34. Qg3 {[%emt 0:00:44]} Ne4 {[%emt 0:01:05]} 35. Nxe4 {[%emt 0:00:01]} dxe4 {[%emt 0:00:01]} 36. Qg5 {[%emt 0:01:00]} g6 {[%emt 0:00:12]} 37. Re8 {[%emt 0:00:32]} Rf5 {[%emt 0:02:02]} 38. Qd8 {[%emt 0:00:18]} Rf2 {[%emt 0:00:28]} 1/2-1/2

[Event "Romanian-ch Open 2022"]
[Site "Eforie Nord"]
[Date "2022.02.25"]
[Round "7.21"]
[White "Sarighioleanu, Sebastian-Laure"]
[Black "Cnejev, Vladimir-Alexandru"]
[Result "0-1"]
[WhiteElo "2045"]
[BlackElo "2179"]
[Annotator "ChessBase"]
[PlyCount "90"]
[EventDate "2022.02.20"]
[EventType "swiss"]
[EventCountry "ROU"]
[SourceTitle "playchess.com"]
[Source "ChessBase"]
[SourceQuality "1"]
[TimeControl "40/5400+30:900+30"]

1. d4 {[%emt 0:00:18]} d5 {[%emt 0:00:03]} 2. c4 {[%emt 0:00:13]} e6 {[%emt 0:00:03]} 3. Nc3 {[%emt 0:00:42]} Nf6 {[%emt 0:00:05]} 4. Bg5 {[%emt 0:00:31]} Be7 {[%emt 0:00:05]} 5. e3 {[%emt 0:00:49]} h6 {[%emt 0:00:04]} 6. Bh4 {[%emt 0:00:11]} O-O {[%emt 0:00:03]} 7. Nf3 {[%emt 0:00:34]} b6 {[%emt 0:00:08]} 8. Qc2 {[%emt 0:01:17]} Bb7 {[%emt 0:00:16]} 9. Bxf6 {[%emt 0:00:34]} Bxf6 {[%emt 0:00:01]} 10. cxd5 {[%emt 0:00:15]} exd5 {[%emt 0:00:01]} 11. h4 {[%emt 0:01:06]} g6 {[%emt 0:01:49]} 12. g4 {[%emt 0:02:56]} Bg7 {[%emt 0:00:04]} 13. O-O-O {[%emt 0:05:45]} Nd7 {[%emt 0:08:14]} 14. h5 {[%emt 0:24:59]} g5 {[%emt 0:02:15]} 15. Bg2 {[%emt 0:11:32]} Re8 {[%emt 0:08:37]} 16. Kb1 {[%emt 0:02:09]} Nf8 {[%emt 0:05:38]} 17. Ng1 {[%emt 0:08:45]} c6 {[%emt 0:28:33]} 18. Nge2 {[%emt 0:02:14]} Bc8 {[%emt 0:00:12]} 19. Bh3 {[%emt 0:01:58]} Bd7 {[%emt 0:05:08]} 20. Ng3 {[%emt 0:05:45]} Qc8 {[%emt 0:00:34]} 21. Nf5 {[%emt 0:00:49]} Bxf5 {[%emt 0:01:06]} 22. gxf5 {[%emt 0:00:02]} Qd8 {[%emt 0:07:43]} 23. Ne2 {[%emt 0:06:19]} Qd6 {[%emt 0:04:44]} 24. Rc1 {[%emt 0:02:54]} c5 {[%emt 0:01:36]} 25. dxc5 {[%emt 0:03:45]} bxc5 {[%emt 0:01:03]} 26. Qxc5 {[%emt 0:01:02]} Qe5 {[%emt 0:07:58]} 27. Nc3 {[%emt 0:03:04]} Rac8 {[%emt 0:08:19]} 28. Qa5 {[%emt 0:07:24]} Rc4 {[%emt 0:07:24]} 29. Rc2 {[%emt 0:04:16]} Rb8 {[%emt 0:01:43]} 30. Rhc1 {[%emt 0:01:16]} Qh2 {[%emt 0:01:24]} 31. f6 {[%emt 0:02:03]} Bxf6 {[%emt 0:00:18]} 32. Bf5 {[%emt 0:00:29]} Bxc3 {[%emt 0:00:16]} 33. Qxd5 {[%emt 0:00:30]} Bxb2 {[%emt 0:00:54]} 34. Rxc4 {[%emt 0:00:29]} Ba3+ {[%emt 0:00:32]} 35. Kc2 {[%emt 0:00:23]} Qxf2+ {[%emt 0:00:16]} 36. Kd3 {[%emt 0:00:18]} Bxc1 {[%emt 0:00:32]} 37. Rxc1 {[%emt 0:00:01]} Rb2 {[%emt 0:00:42]} 38. Ke4 {[%emt 0:01:14]} Qg2+ {[%emt 0:00:31]} 39. Ke5 {[%emt 0:00:08]} Qg3+ {[%emt 0:00:16]} 40. Ke4 {[%emt 0:00:00]} Qg2+ {[%emt 0:00:00]} 41. Ke5 {[%emt 0:01:04]} Qe2 {[%emt 0:14:29]} 42. Kf6 {[%emt 0:14:48]} Rb6+ {[%emt 0:00:17]} 43. Rc6 {[%emt 0:00:49]} Rxc6+ {[%emt 0:00:06]} 44. Qxc6 {[%emt 0:00:01]} Qb2+ {[%emt 0:00:07]} 45. Ke7 {[%emt 0:00:15]} Qe5+ {[%emt 0:00:01]} 0-1

[Event "Romanian-ch Open 2022"]
[Site "Eforie Nord"]
[Date "2022.02.25"]
[Round "7.22"]
[White "Zaim, Marian"]
[Black "Andronescu, Madalin"]
[Result "1/2-1/2"]
[WhiteElo "1964"]
[BlackElo "2122"]
[Annotator "ChessBase"]
[PlyCount "113"]
[EventDate "2022.02.20"]
[EventType "swiss"]
[EventCountry "ROU"]
[SourceTitle "playchess.com"]
[Source "ChessBase"]
[SourceQuality "1"]
[TimeControl "40/5400+30:900+30"]

1. Nf3 {[%emt 0:00:02]} Nf6 {[%emt 0:00:07]} 2. g3 {[%emt 0:00:12]} g6 {[%emt 0:00:07]} 3. Bg2 {[%emt 0:00:09]} Bg7 {[%emt 0:00:06]} 4. O-O {[%emt 0:00:18]} O-O {[%emt 0:00:09]} 5. d4 {[%emt 0:00:36]} d6 {[%emt 0:00:06]} 6. b3 {[%emt 0:05:40]} c6 {[%emt 0:00:27]} 7. Bb2 {[%emt 0:00:23]} Nbd7 {[%emt 0:00:19]} 8. Nbd2 {[%emt 0:03:31]} d5 {[%emt 0:06:15]} 9. c4 {[%emt 0:04:09]} Re8 {[%emt 0:00:40]} 10. Qc2 {[%emt 0:02:16]} Qa5 {[%emt 0:27:39]} 11. Rfe1 {[%emt 0:13:02]} Nf8 {[%emt 0:06:18]} 12. Bc3 {[%emt 0:05:34]} Qc7 {[%emt 0:04:08]} 13. Ne5 {[%emt 0:01:12]} Bf5 {[%emt 0:04:01]} 14. Qb2 {[%emt 0:03:33]} Rad8 {[%emt 0:04:32]} 15. Qa3 {[%emt 0:05:03]} Ne6 {[%emt 0:01:44]} 16. e3 {[%emt 0:12:02]} h5 {[%emt 0:05:51]} 17. Rac1 {[%emt 0:02:05]} dxc4 {[%emt 0:11:54]} 18. bxc4 {[%emt 0:06:31]} c5 {[%emt 0:01:10]} 19. d5 {[%emt 0:02:33]} Ng5 {[%emt 0:00:08]} 20. e4 {[%emt 0:12:09]} Nfxe4 {[%emt 0:07:17]} 21. Nxe4 {[%emt 0:00:18]} Nxe4 {[%emt 0:00:06]} 22. Bxe4 {[%emt 0:02:16]} Bxe5 {[%emt 0:00:07]} 23. Bxe5 {[%emt 0:01:11]} Qxe5 {[%emt 0:00:11]} 24. Bxf5 {[%emt 0:00:13]} Qxf5 {[%emt 0:00:07]} 25. Qxa7 {[%emt 0:00:50]} Ra8 {[%emt 0:00:38]} 26. Qxc5 {[%emt 0:00:13]} Rxa2 {[%emt 0:00:08]} 27. Rb1 {[%emt 0:01:56]} Rc8 {[%emt 0:00:26]} 28. Qe3 {[%emt 0:01:25]} Rxc4 {[%emt 0:00:14]} 29. Rf1 {[%emt 0:01:42]} Re4 {[%emt 0:04:40]} 30. Qc5 {[%emt 0:02:25]} h4 {[%emt 0:01:03]} 31. Rxb7 {[%emt 0:00:58]} h3 {[%emt 0:00:11]} 32. Rb8+ {[%emt 0:00:52]} Kg7 {[%emt 0:01:38]} 33. Qc8 {[%emt 0:02:29]} Qxc8 {[%emt 0:00:14]} 34. Rxc8 {[%emt 0:00:01]} Rd4 {[%emt 0:00:09]} 35. Rc7 {[%emt 0:00:54]} Kf6 {[%emt 0:00:19]} 36. Rd7 {[%emt 0:01:30]} Re2 {[%emt 0:01:43]} 37. Rd8 {[%emt 0:00:15]} g5 {[%emt 0:00:48]} 38. Rh8 {[%emt 0:00:33]} g4 {[%emt 0:00:13]} 39. f3 {[%emt 0:00:10]} gxf3 {[%emt 0:01:08]} 40. Rxf3+ {[%emt 0:00:00]} Kg5 {[%emt 0:00:00]} 41. Rf1 {[%emt 0:05:35]} Rxd5 {[%emt 0:07:10]} 42. Rxh3 {[%emt 0:00:10]} f5 {[%emt 0:00:16]} 43. Rf2 {[%emt 0:01:23]} Rdd2 {[%emt 0:02:54]} 44. Rxe2 {[%emt 0:00:53]} Rxe2 {[%emt 0:00:05]} 45. Kf1 {[%emt 0:00:05]} Ra2 {[%emt 0:00:04]} 46. Rh7 {[%emt 0:00:10]} e5 {[%emt 0:00:09]} 47. Rh4 {[%emt 0:01:57]} f4 {[%emt 0:00:26]} 48. Rh8 {[%emt 0:01:20]} f3 {[%emt 0:00:26]} 49. Rf8 {[%emt 0:00:30]} Kg4 {[%emt 0:02:05]} 50. Kg1 {[%emt 0:00:11]} Re2 {[%emt 0:03:39]} 51. Rf7 {[%emt 0:00:17]} e4 {[%emt 0:00:31]} 52. Rf4+ {[%emt 0:00:09]} Kg5 {[%emt 0:00:04]} 53. h4+ {[%emt 0:01:29]} Kg6 {[%emt 0:03:13]} 54. Kf1 {[%emt 0:00:15]} Kh5 {[%emt 0:02:17]} 55. Kg1 {[%emt 0:00:28]} Re1+ {[%emt 0:00:32]} 56. Kf2 {[%emt 0:17:27]} Re2+ {[%emt 0:12:38]} 57. Kf1 1/2-1/2

[Event "Romanian-ch Open 2022"]
[Site "Eforie Nord"]
[Date "2022.02.25"]
[Round "7.23"]
[White "Vilcu, Matei-Stefan"]
[Black "Prelipcean, Eric-Matei"]
[Result "1-0"]
[WhiteElo "2112"]
[BlackElo "1935"]
[Annotator "NA"]
[PlyCount "69"]
[EventDate "2022.02.20"]
[EventType "swiss"]
[EventCountry "ROU"]
[SourceTitle "playchess.com"]
[Source "ChessBase"]
[SourceQuality "1"]
[TimeControl "40/5400+30:900+30"]

1. e4 {[%emt 0:00:01]} c5 {[%emt 0:00:06]} 2. Nf3 {[%emt 0:00:04]} Nc6 {[%emt 0:00:10]} 3. d4 {[%emt 0:00:07]} cxd4 {[%emt 0:00:06]} 4. Nxd4 {[%emt 0:00:02]} Nf6 {[%emt 0:00:07]} 5. Nc3 {[%emt 0:00:03]} e6 {[%emt 0:00:06]} 6. g3 {[%emt 0:01:39]} Bb4 {[%emt 0:00:14]} 7. Bg2 {[%emt 0:00:04]} d6 {[%emt 0:00:37]} 8. O-O {[%emt 0:00:06]} O-O {[%emt 0:00:06]} 9. Nde2 {[%emt 0:00:09]} a6 {[%emt 0:01:09]} 10. h3 {[%emt 0:00:22]} Bc5 {[%emt 0:02:53]} 11. a4 {[%emt 0:01:11]} Nb4 {[%emt 0:06:24]} 12. b3 {[%emt 0:12:48]} d5 {[%emt 0:10:00]} 13. exd5 {[%emt 0:05:42]} Nbxd5 {[%emt 0:00:46]} 14. Nxd5 {[%emt 0:12:51]} Nxd5 {[%emt 0:00:52]} 15. Bb2 {[%emt 0:00:10]} Ne7 {[%emt 0:04:51]} 16. Qxd8 {[%emt 0:05:29]} Rxd8 {[%emt 0:00:29]} 17. Rad1 {[%emt 0:03:35]} Re8 {[%emt 0:04:05]} 18. Rd2 {[%emt 0:02:21]} f6 {[%emt 0:02:32]} 19. Rfd1 {[%emt 0:00:24]} Kf7 {[%emt 0:01:31]} 20. Bd4 {[%emt 0:01:56]} Bxd4 {[%emt 0:04:55]} 21. Rxd4 {[%emt 0:03:04]} Rb8 {[%emt 0:01:31]} 22. Nc3 {[%emt 0:03:45]} e5 {[%emt 0:20:31]} 23. Rb4 {[%emt 0:08:19]} Bf5 {[%emt 0:00:23]} 24. Ne4 {[%emt 0:12:45]} Bxe4 {[%emt 0:06:29]} 25. Bxe4 {[%emt 0:00:39]} b6 {[%emt 0:00:14]} 26. Rd6 {[%emt 0:02:21]} Nc8 {[%emt 0:01:05]} 27. Bd5+ {[%emt 0:09:23]} Kf8 {[%emt 0:07:38]} 28. Rd7 {[%emt 0:00:28]} Re7 {[%emt 0:00:27]} 29. Rd8+ {[%emt 0:00:29]} Re8 {[%emt 0:00:18]} 30. Rxe8+ {[%emt 0:01:23]} Kxe8 {[%emt 0:00:02]} 31. a5 {[%emt 0:00:56]} Kd7 {[%emt 0:04:33]} 32. axb6 {[%emt 0:03:22]} Rxb6 {[%emt 0:00:47]} 33. Ra4 {[%emt 0:00:37]} Na7 {[%emt 0:05:47]} 34. Bc4 {[%emt 0:00:46]} Nb5 {[%emt 0:00:06]} 35. Rxa6 {[%emt 0:01:16]} 1-0

[Event "Romanian-ch Open 2022"]
[Site "Eforie Nord"]
[Date "2022.02.25"]
[Round "7.24"]
[White "Craciun, Sasha-Matei"]
[Black "Dragomirescu, Calin"]
[Result "1/2-1/2"]
[WhiteElo "1871"]
[BlackElo "2092"]
[Annotator "NA"]
[PlyCount "129"]
[EventDate "2022.02.20"]
[EventType "swiss"]
[EventCountry "ROU"]
[SourceTitle "playchess.com"]
[Source "ChessBase"]
[SourceQuality "1"]
[TimeControl "40/5400+30:900+30"]

1. e4 {[%emt 0:00:02]} c5 {[%emt 0:00:21]} 2. Nf3 {[%emt 0:00:09]} Nc6 {[%emt 0:00:05]} 3. d4 {[%emt 0:00:04]} cxd4 {[%emt 0:00:04]} 4. Nxd4 {[%emt 0:00:07]} Nf6 {[%emt 0:00:05]} 5. Nc3 {[%emt 0:00:05]} e5 {[%emt 0:00:03]} 6. Ndb5 {[%emt 0:00:13]} d6 {[%emt 0:00:05]} 7. Bg5 {[%emt 0:00:05]} a6 {[%emt 0:00:07]} 8. Na3 {[%emt 0:00:05]} b5 {[%emt 0:00:04]} 9. Nd5 {[%emt 0:00:05]} Be7 {[%emt 0:00:15]} 10. Bxf6 {[%emt 0:00:36]} Bxf6 {[%emt 0:00:08]} 11. c3 {[%emt 0:00:27]} O-O {[%emt 0:00:12]} 12. Nc2 {[%emt 0:01:00]} Rb8 {[%emt 0:00:25]} 13. Nce3 {[%emt 0:07:23]} Bg5 {[%emt 0:00:22]} 14. g3 {[%emt 0:03:22]} Bxe3 {[%emt 0:00:14]} 15. Nxe3 {[%emt 0:00:03]} Ne7 {[%emt 0:02:36]} 16. Bg2 {[%emt 0:00:47]} Be6 {[%emt 0:00:23]} 17. Qd2 {[%emt 0:03:19]} Qb6 {[%emt 0:01:22]} 18. O-O {[%emt 0:03:45]} b4 {[%emt 0:00:28]} 19. cxb4 {[%emt 0:12:32]} Qxb4 {[%emt 0:00:07]} 20. Qxb4 {[%emt 0:00:04]} Rxb4 {[%emt 0:00:08]} 21. b3 {[%emt 0:00:03]} Rd4 {[%emt 0:03:45]} 22. Rfd1 {[%emt 0:05:05]} Nc6 {[%emt 0:01:08]} 23. Bf1 {[%emt 0:02:00]} Rxd1 {[%emt 0:02:42]} 24. Rxd1 {[%emt 0:00:05]} Nd4 {[%emt 0:00:04]} 25. Rc1 {[%emt 0:04:32]} g6 {[%emt 0:04:48]} 26. Rc7 {[%emt 0:02:44]} a5 {[%emt 0:09:13]} 27. Bc4 {[%emt 0:08:53]} a4 {[%emt 0:06:15]} 28. b4 {[%emt 0:10:03]} Bxc4 {[%emt 0:05:47]} 29. Nxc4 {[%emt 0:00:32]} Nb5 {[%emt 0:04:26]} 30. Rc6 {[%emt 0:04:17]} Nc3 {[%emt 0:00:50]} 31. Nxd6 {[%emt 0:00:15]} Nxa2 {[%emt 0:00:08]} 32. b5 {[%emt 0:00:13]} Nb4 {[%emt 0:02:02]} 33. Rc4 {[%emt 0:00:39]} Rd8 {[%emt 0:02:52]} 34. Rxb4 {[%emt 0:00:33]} Rxd6 {[%emt 0:00:02]} 35. b6 {[%emt 0:01:34]} Rd8 {[%emt 0:00:01]} 36. Rxa4 {[%emt 0:00:12]} Rd1+ {[%emt 0:00:08]} 37. Kg2 {[%emt 0:00:06]} Rb1 {[%emt 0:00:04]} 38. Ra8+ {[%emt 0:00:08]} Kg7 {[%emt 0:00:08]} 39. Rb8 {[%emt 0:00:02]} h5 {[%emt 0:00:44]} 40. h4 {[%emt 0:00:00]} Rb3 {[%emt 0:00:00]} 41. b7 {[%emt 0:02:15]} Kf6 {[%emt 0:04:31]} 42. Kf1 {[%emt 0:00:32]} Rb1+ {[%emt 0:03:07]} 43. Ke2 {[%emt 0:00:01]} Rb2+ {[%emt 0:00:07]} 44. Kd3 {[%emt 0:00:52]} Rb1 {[%emt 0:01:41]} 45. Kc4 {[%emt 0:00:45]} Rc1+ {[%emt 0:02:12]} 46. Kd5 {[%emt 0:00:21]} Rd1+ {[%emt 0:00:10]} 47. Kc6 {[%emt 0:00:10]} Rc1+ {[%emt 0:00:17]} 48. Kd7 {[%emt 0:00:05]} Rb1 {[%emt 0:01:43]} 49. f3 {[%emt 0:02:07]} Rb2 {[%emt 0:00:47]} 50. g4 {[%emt 0:01:45]} hxg4 {[%emt 0:01:23]} 51. fxg4 {[%emt 0:00:02]} Kg7 {[%emt 0:02:23]} 52. Ke7 {[%emt 0:02:41]} f6 {[%emt 0:02:49]} 53. h5 {[%emt 0:00:22]} gxh5 {[%emt 0:01:32]} 54. gxh5 {[%emt 0:00:02]} Rb6 {[%emt 0:01:10]} 55. h6+ {[%emt 0:00:59]} Kh7 {[%emt 0:00:07]} 56. Kf7 {[%emt 0:00:09]} f5 {[%emt 0:00:28]} 57. exf5 {[%emt 0:00:09]} e4 {[%emt 0:00:02]} 58. f6 {[%emt 0:01:34]} e3 {[%emt 0:00:07]} 59. Re8 {[%emt 0:00:23]} Rxb7+ {[%emt 0:00:55]} 60. Kf8 {[%emt 0:02:53]} Kg6 {[%emt 0:14:41]} 61. f7 {[%emt 0:08:36]} Rxf7+ {[%emt 0:01:33]} 62. Kg8 {[%emt 0:00:02]} Rh7 {[%emt 0:06:27]} 63. Rxe3 {[%emt 0:00:15]} Rxh6 {[%emt 0:00:10]} 64. Re6+ {[%emt 0:00:02]} Kg5 {[%emt 0:00:09]} 65. Rxh6 {[%emt 0:34:49]} 1/2-1/2

[Event "Romanian-ch Open 2022"]
[Site "Eforie Nord"]
[Date "2022.02.25"]
[Round "7.25"]
[White "Serban, Cristian-Stefan"]
[Black "Ciocani, Iosif"]
[Result "1-0"]
[WhiteElo "2090"]
[BlackElo "1876"]
[Annotator "NA"]
[PlyCount "91"]
[EventDate "2022.02.20"]
[EventType "swiss"]
[EventCountry "ROU"]
[SourceTitle "playchess.com"]
[Source "ChessBase"]
[SourceQuality "1"]
[TimeControl "40/5400+30:900+30"]

1. d4 {[%emt 0:00:01]} Nf6 {[%emt 0:00:08]} 2. c4 {[%emt 0:00:06]} g6 {[%emt 0:00:05]} 3. Nc3 {[%emt 0:00:03]} Bg7 {[%emt 0:00:08]} 4. e4 {[%emt 0:00:04]} d6 {[%emt 0:00:05]} 5. Nf3 {[%emt 0:00:04]} O-O {[%emt 0:00:07]} 6. Be2 {[%emt 0:00:03]} e5 {[%emt 0:00:06]} 7. O-O {[%emt 0:00:05]} Nc6 {[%emt 0:00:04]} 8. Be3 {[%emt 0:06:39]} h6 {[%emt 0:26:30]} 9. d5 {[%emt 0:00:11]} Ne7 {[%emt 0:00:15]} 10. Nd2 {[%emt 0:01:11]} Nd7 {[%emt 0:06:55]} 11. b4 {[%emt 0:03:35]} f5 {[%emt 0:00:26]} 12. f3 {[%emt 0:00:05]} f4 {[%emt 0:00:04]} 13. Bf2 {[%emt 0:00:03]} a5 {[%emt 0:23:17]} 14. a3 {[%emt 0:00:24]} b6 {[%emt 0:07:15]} 15. bxa5 {[%emt 0:02:52]} Rxa5 {[%emt 0:00:37]} 16. Nb3 {[%emt 0:00:05]} Ra8 {[%emt 0:00:19]} 17. a4 {[%emt 0:00:06]} g5 {[%emt 0:03:38]} 18. a5 {[%emt 0:02:54]} Nc5 {[%emt 0:03:12]} 19. axb6 {[%emt 0:03:03]} Rxa1 {[%emt 0:00:07]} 20. Nxa1 {[%emt 0:00:02]} cxb6 {[%emt 0:00:09]} 21. Nc2 {[%emt 0:03:39]} Bd7 {[%emt 0:00:36]} 22. Na3 {[%emt 0:00:49]} Qb8 {[%emt 0:09:25]} 23. Nab5 {[%emt 0:03:37]} Nc8 {[%emt 0:01:38]} 24. Qa1 {[%emt 0:02:41]} Rf7 {[%emt 0:01:50]} 25. Rb1 {[%emt 0:04:20]} Bf8 {[%emt 0:01:16]} 26. Bxc5 {[%emt 0:03:16]} dxc5 {[%emt 0:04:36]} 27. Qa6 {[%emt 0:00:37]} h5 {[%emt 0:03:59]} 28. Na4 {[%emt 0:01:05]} Be7 {[%emt 0:02:53]} 29. Nbc3 {[%emt 0:00:20]} Rf6 {[%emt 0:00:59]} 30. Nb2 {[%emt 0:02:35]} b5 {[%emt 0:00:40]} 31. Qa5 {[%emt 0:00:07]} b4 {[%emt 0:01:13]} 32. Nd3 {[%emt 0:00:06]} Qb6 {[%emt 0:00:23]} 33. Qa8 {[%emt 0:01:40]} Bd6 {[%emt 0:00:40]} 34. Nb5 {[%emt 0:00:04]} Rf8 {[%emt 0:00:43]} 35. Nxd6 {[%emt 0:00:49]} Nxd6 {[%emt 0:00:09]} 36. Qa2 {[%emt 0:00:23]} Re8 {[%emt 0:01:13]} 37. Bd1 {[%emt 0:00:05]} Kf7 {[%emt 0:01:07]} 38. Bb3 {[%emt 0:00:05]} g4 {[%emt 0:00:36]} 39. Kh1 {[%emt 0:00:16]} g3 {[%emt 0:01:20]} 40. Qb2 {[%emt 0:00:00]} Nxc4 {[%emt 0:00:00]} 41. Bxc4 {[%emt 0:00:52]} Qd6 {[%emt 0:01:16]} 42. Ra1 {[%emt 0:00:32]} Bc8 {[%emt 0:00:40]} 43. Ra7+ {[%emt 0:00:18]} Kg6 {[%emt 0:00:25]} 44. Nxf4+ {[%emt 0:00:16]} Kg5 {[%emt 0:00:14]} 45. Rg7+ {[%emt 0:00:20]} Kh6 {[%emt 0:00:33]} 46. Rg6+ {[%emt 1:18:02]} 1-0